Körfez bunalımının öncesi ve sonrası (Record no. 7763)
[ view plain ]
| 000 -BAŞLIK | |
|---|---|
| Sabit Uzunlukta Kontrol Alanı | 00971na a2200253 4500 |
| 001 - KONTROL NUMARASI | |
| Denetim Alanı | 20880 |
| 003 - KONTROL NUMARASI IDENTIFIER | |
| Denetim Alanı | MIRAKIL |
| 005 - SON İŞLEM TARİHİ VE ZAMANI | |
| Denetim Alanı | 20181213155148.0 |
| 008 - SABİT-BOY VERİ ELEMANLARI - GENEL BİLGİLER | |
| Sabit Uzunlukta Kontrol Alanı | 170127b tu 000 0 |
| 040 ## - KATALOGLAMA KAYNAK | |
| Orijinal Kataloglama Ajansı | Milas |
| Kataloglama Dili | tur |
| Metne Dönüştürmek Ajansı | TR-AnCHP |
| 041 ## - DİL KODU | |
| Metin / Ses Parça Veya Ayrı Başlığın Dil Kodu | tur |
| 082 ## - DEWEY ONLU SINIFLANDIRMA NUMARASI | |
| Sınıflandırma Numarası | 324.2372 |
| Ürün Numarası | E13k 2003 |
| 090 ## - SINIFLAMA NUMARASI | |
| Sınıflama Numarası | 324.2372 E13k 2003 |
| 100 ## - ANA GİRİŞ - KİŞİSEL İSİM | |
| Kişisel Ad | Ecevit, Bülent |
| Bir Adıyla İlişkilendirilen Tarihler | 1925-2006 |
| 245 ## - BAŞLIK TABLOSU | |
| Başlık | Körfez bunalımının öncesi ve sonrası |
| Sorumluluk Tablosu, Vb | Bülent Ecevit |
| 260 ## - YAYIN, DAĞITIM, VB | |
| Yayın, Dağıtım, Vb Yeri | Ankara |
| Yayıncı, Dağıtıcı, Vs Adı | DSP |
| Yayın, Dağıtım, Vb Tarihi | 2003 |
| 300 ## - FİZİKSEL TANIM | |
| Kapsam | 48 s. |
| Boyutlar | 21 sm. |
| 500 ## - GENEL NOT | |
| Genel Not | DSP genel başkanı Bülent Ecevit'in 30 Ekim 1990 günü İstanbul Üniversitesi İktisat Fakültesi Uluslararası İlişkiler Bölümü öğrencileri için yaptığı konuşmanın özeti. |
| 600 ## - KONU KATMA GİRİŞ - KURUMSAL ADI | |
| Kişisel Ad | Ecevit, Bülent |
| Bir Adıyla İlişkilendirilen Tarihler | 1925-2006 |
| Genel Alt Bölümü | Konuşmalar |
| Kronolojik Alt Bölümü | Körfez krizi |
| 610 ## - KONU KATMA GİRİŞ - TOPLANTI ADI | |
| Giriş Elemanı Olarak Kurumsal Ad Veya Yargı Alanı Adı | Demokratik Sol Parti (DSP) |
| Genel Alt Bölüm | Propaganda ve ideolojiler |
| 650 ## - KONU KATMA GİRİŞ - TOPİKAL DÖNEM | |
| Topikal Süreli Veya Coğrafi Ad Giriş Elemanı | Körfez krizi |
| Genel Alt Bölümü | Uluslararası ilişkiler |
| Kronolojik Alt Bölümü | Tarih |
| Coğrafi Alt Bölümü | Türkiye |
| 710 ## - KATMA GİRİŞ - KURUMSAL ADI | |
| Giriş Elemanı Olarak Kurumsal Ad Veya Yargı Alanı Adı | Demokratik Sol Parti (DSP) |
| 942 ## - EKLENDİ GİRİŞ ELEMANLARI (KOHA) | |
| Sınıflandırma Veya Raf Düzeni Kaynak | |
| Koha Öğesi Türü | Books |
| 999 ## - SİSTEM KONTROL NUMARALARI (KOHA) | |
| Koha Biblionumber | 7763 |
| Koha Biblioitemnumber | 7763 |
| Kalıcı Konum | Mevcut Konum | Edinme Tarihi | Edinim Kaynak | Toplam Check-Out'Lar | Tam Çağrı Numarası | Barkod | Tarih Son Görülme | İtibaren Geçerli Fiyatlar | Koha Öğesi Türü |
|---|---|---|---|---|---|---|---|---|---|
| CHP Kütüphanesi | CHP Kütüphanesi | 01/27/2017 | Bağış | 324.2372 E13k 2003 | 012696 | 01/27/2017 | 01/27/2017 | Books |
